00354nam a2200157Ia 4500008004100000020001500041041001200056082001600068100001300084245002700097250000800124260002500132300000800157650001500165700001600180221030s9999 xx 000 0 und d a8120312198 aEnglish a105.23bBat aR. Batra 0aAdvertising Management a5th bPHIaNew Delhic2003 a754 aManagement aJ. G. Myers